Cine colombiano : estética, modernidad y cultura /

Gardado en:
Detalles Bibliográficos
Autor Principal: Pérez La Rotta, Guillermo (autor)
Formato: Libro
Idioma:Lingua castelá
Publicado: Popayán, Colombia : Universidad del Cauca, 2013, c2013
Temas:
Etiquetas: Engadir etiqueta
Sen Etiquetas, Sexa o primeiro en etiquetar este rexistro!

MARC

LEADER 00000nam^a2200000^a^4500
001 000391225
005 20250521000000.0
009 20260310121210.249
020 |a 978-958-732-124-1 
037 |a Acervo ITESO - Biblioteca 
041 |a ESP 
082 |a 302. 23509861  |b PER 
100 |a Pérez La Rotta, Guillermo  |e (autor) 
245 1 0 |a Cine colombiano :  |b estética, modernidad y cultura /  |c G. Pérez La Rotta. 
264 4 |a Popayán, Colombia :  |b Universidad del Cauca,  |c 2013, c2013 
300 |a 373 p. 
336 |a texto  |b txt  |2 rdacontenido 
337 |a sin mediación  |b n  |2 rdamedio 
338 |a volumen  |b nc  |2 rdasoporte 
649 |a XX 
650 |a Cineastas Colombianos 
650 |a Cineastas Italianos 
650 |a Cineastas Mexicanos 
650 |a Cineastas Norteamericanos 
650 |a Zonas Urbanas en el Cine -  |z Colombia -  |x Historia y Crítica 
650 |a Religión en el Cine -  |z Colombia -  |x Historia y Crítica 
650 |a Narcotráfico en el Cine -  |z Colombia -  |x Historia y Crítica 
650 |a Violencia Política en el Cine -  |z Colombia -  |x Historia y Crítica 
650 |a Cine Social y Político -  |z Colombia -  |x Historia y Crítica 
650 |a Comedias Cinematográficas -  |z Colombia -  |x Historia y Crítica 
650 |a Literatura y Cine -  |z Colombia -  |x Historia y Crítica 
650 |a Cine Colombiano -  |x Historia y Crítica -  |x Tema Principal 
650 |a Cine Colombiano -  |y Siglo XX 
650 |a Religión y Comunicación -  |z Colombia 
650 |a Comunicación y Política -  |z Colombia 
650 |a Sociología de la Comunicación 
650 |a Acevedo, Arturo 
650 |a Aljure, Felipe 
650 |a Alvarez, Manuel José 
650 |a Botía, Pacho 
650 |a Buenaventura Vidal, Nicolás 
650 |a Cabrera, Sergio 
650 |a Campo, Oscar 
650 |a Campos, Herib 
650 |a Dorado, José Antonio 
650 |a Duplat, Carlos 
650 |a Duque Naranjo, Lisandro 
650 |a Durán, Ciro 
650 |a Echeverri, Jorge 
650 |a García Márquez, Gabriel 
650 |a García R., Raúl 
650 |a Gaviria, Víctor 
650 |a Guerra, Ciro 
650 |a Kuzmanich, Dunav 
650 |a Loboguerrero, Camila 
650 |a Luzardo, Julio 
650 |a Maillé, Emilio 
650 |a Marston, Joshua 
650 |a Mayolo, Carlos 
650 |a McCausland, Ernesto 
650 |a Mutis, Alvaro 
650 |a Norden, Francisco 
650 |a Orozco, Juan Felipe 
650 |a Osorio Gómez, Jaime 
650 |a Ospina, Luis 
650 |a Restrepo, Luis Alberto 
650 |a Rodríguez, Marta 
650 |a Rosi, Francesco 
650 |a Santa, Carlos 
650 |a Silva, Jorge 
650 |a Triana, Jorge Alí 
650 |a Triana, Rodrigo 
650 |a Trompetero, Harold 
910 |a Fondo General 
920 |a Impresos - Libros 
930 |a Colección General 
905 |a 101 
901 |a 0500285953  |b IT1  |c ACC  |i C153761  |u 20250521 
902 |a https://opac.biblio.iteso.mx/vufind/Record/000391225